书目信息 |
| 题名: |
英汉汉英测绘专业词汇手册
|
|
| 作者: | 尹晖 主编 | |
| 分册: | ||
| 出版信息: | 武汉 武汉大学出版社 2008 |
|
| 页数: | 596页 | |
| 开本: | 19cm | |
| 丛书名: | ||
| 单 册: | ||
| 中图分类: | P2-62 | |
| 科图分类: | ||
| 主题词: | 测绘学--ce hui xue--词汇--英、汉--手册 | |
| 电子资源: | ||
| ISBN: | 978-7-307-06227-6 | |
| 000 | 01088nam0 2200253 450 | |
| 001 | 012009506362 | |
| 005 | 20090112105849.28 | |
| 010 | @a978-7-307-06227-6@dCNY36.00 | |
| 100 | @a20090112d2008 em y0chiy0120 ea | |
| 101 | 0 | @achi@aeng |
| 102 | @aCN@b420000 | |
| 105 | @ay a 000yy | |
| 106 | @ar | |
| 200 | 1 | @a英汉汉英测绘专业词汇手册@Aying han han ying ce hui zhuan ye ci hui shou ce@d= English-Chinese/Chinese-English vocabulary handbook for geomatics engineering@f主编尹晖@zeng |
| 210 | @a武汉@c武汉大学出版社@d2008 | |
| 215 | @a596页@d19cm | |
| 320 | @a有书目 (第598-596页) | |
| 330 | @a本书采用英汉.汉英方式收录了测绘工程专业所涉及的各个领域(包括工程测量、大地测量、摄影测量、遥感、制图学、地理信息系统、城市空间信息工 程、海洋测绘、数理统计与测量平差等)的相关词汇和基本术语,约有16000条。 | |
| 510 | 1 | @aEnglish-Chinese/Chinese-English vocabulary handbook for geomatics engineering@zeng |
| 606 | 0 | @a测绘学@Ace hui xue@x词汇@x英、汉@j手册 |
| 690 | @aP2-62@v4 | |
| 701 | 0 | @a尹晖@Ayin hui@4主编 |
| 801 | 0 | @aCN@bQSSK@c20090112 |
| 905 | @b736966-68@dP2-62@eY597@f3 | |
| 英汉汉英测绘专业词汇手册= English-Chinese/Chinese-English vocabulary handbook for geomatics engineering/主编尹晖.-武汉:武汉大学出版社,2008 |
| 596页;19cm |
| ISBN 978-7-307-06227-6:CNY36.00 |
| 本书采用英汉.汉英方式收录了测绘工程专业所涉及的各个领域(包括工程测量、大地测量、摄影测量、遥感、制图学、地理信息系统、城市空间信息工 程、海洋测绘、数理统计与测量平差等)的相关词汇和基本术语,约有16000条。 |
| ● |
| 相关链接 |
|
|
|
正题名:英汉汉英测绘专业词汇手册
索取号:P2-62/Y597
 
预约/预借
| 序号 | 登录号 | 条形码 | 馆藏地/架位号 | 状态 | 备注 |
| 1 | 736966 | 207369667 | 自科库401/401自科库 113排2列5层/ [索取号:P2-62/Y597] | 在馆 | |
| 2 | 736967 | 207369676 | 自科库401/401自科库 113排2列5层/ [索取号:P2-62/Y597] | 在馆 | |
| 3 | 736968 | 207369685 | 自科库401/401自科库 113排2列5层/ [索取号:P2-62/Y597] | 在馆 |